|
|
|
|
| LEADER |
00000nab a2200000 ar4500 |
| 001 |
vtls008990489 |
| 003 |
SK-MaSNL |
| 005 |
20260304223538.0 |
| 008 |
090520c2007 xo qr|p|||||||000 b|slo |
| 015 |
|
|
|a SNBRB2007/05
|
| 038 |
|
|
|a SNKBUCL
|
| 040 |
|
|
|a SNKBUCL
|b slo
|e AACR2
|c SNKBUCL
|
| 041 |
0 |
|
|a slo
|
| 044 |
|
|
|a xo
|c SK
|
| 080 |
|
|
|a 943.76
|2 1997
|
| 080 |
|
|
|a 299.18
|2 1997
|
| 080 |
|
|
|a 257.7
|2 2000
|
| 100 |
1 |
|
|a Žabková, Soňa,
|d 1969-
|4 aut
|9 109981
|
| 245 |
1 |
0 |
|a Slovanské osídlenie Banskej Bystrice a okolia
|c Soňa Žabková
|
| 300 |
|
|
|a Obr.
|
| 650 |
0 |
7 |
|a archeologické lokality
|2 snkbucl
|9 175886
|
| 650 |
0 |
7 |
|a slovanské osídlenie
|2 snkbucl
|9 310233
|
| 650 |
0 |
7 |
|a slovanské božstvá
|2 snkbucl
|9 977046
|
| 650 |
0 |
7 |
|a slovanské náboženstvá
|2 snkbucl
|9 83025
|
| 651 |
|
7 |
|a Banská Bystrica (Slovensko)
|2 snkbucl
|9 22015
|
| 773 |
0 |
|
|t Logos
|g Roč. IV, č. 5 (2007), s. 9-11
|x 1336-7331
|
| 852 |
|
|
|a SNK
|b KIS3GCP
|
| 958 |
|
|
|a SK
|
| 958 |
|
|
|a NT
|
| 958 |
|
|
|a BB
|
| 999 |
|
|
|c 3168405
|d 3170335
|